Statistics for NBA EC Team Scramble

Click here to take the quiz!

General Stats

  • This quiz has been taken 87 times
  • The average score is 13 of 15

Answer Stats

Answer% Correct
Knicks
92%
76ers
91%
Bucks
91%
Nets
91%
Raptors
91%
Bulls
86%
Heat
86%
Celtics
85%
Magic
83%
Pistons
82%
Wizards
82%
Hawks
80%
Pacers
77%
Hornets
76%
Cavaliers
73%

Score Distribution

Percentile by Number Answered

Percent of People with Each Score

Your Score History

You have not taken this quiz